Dairy foods.

Bibliographic Details
Previous Title:Dairy record
Uniform Title:Dairy foods (Chicago, Ill. : Online)
Corporate Author: Bell & Howell Information and Learning
Format: Journal
Language:English
Published: [Chicago, Ill.] : [Gorman Pub. Co.], [1996-]
Subjects:
Online Availability: Check for online availability

MARC

Tag First Indicator Second Indicator Subfields
LEADER 00000cas a22000007a 4500
001 in00002043976
005 20151101060805.0
006 m d
007 cr unu--------
008 050419c19869999ilumn1pss 0 a0eng d
010 |a  2005215764 
022 0 |a 1558-142X  |y 0888-0050 
029 1 |a OCLCS  |b 7765 
035 |a (OCoLC)ocm42589269 
037 |b BNP Media, 2401 W. Big Beaver Rd., Ste. 700, Troy MI 48084 
040 |a BNG  |c BNG  |d OCLCQ  |d NSD  |d TXA  |d UtOrBLW 
042 |a lccopycat  |a nsdp 
043 |a n-us--- 
049 |a TXAM 
050 1 0 |a ISSN RECORD 
050 4 |a HD1  |b .D134 
082 1 0 |a 338  |2 13 
090 |a SF221  |b .D4 Electronic 
130 0 |a Dairy foods (Chicago, Ill. : Online) 
222 0 |a Dairy foods (Chicago, Ill. : Online) 
245 1 0 |a Dairy foods. 
264 1 |a [Chicago, Ill.] :  |b [Gorman Pub. Co.],  |c [1996-] 
264 4 |c [©1996-] 
310 |a Monthly (except semimonthly in July) 
336 |a text  |b txt  |2 rdacontent 
337 |a computer  |b c  |2 rdamedia 
338 |a online resource  |b cr  |2 rdacarrier 
362 1 |a Print began with vol. 87, no. 2 (Feb. 1986). 
500 |a Description based on May 19, 1999 Included titles printout for ProQuest Direct ABI/INFORM global database; title from cover. 
530 |a Also issued in print. 
538 |a Mode of access: World Wide Web. 
500 |a Electronic resource. 
650 0 |a Dairy products industry  |z United States  |v Periodicals. 
650 0 |a Dairy products  |z United States  |v Periodicals. 
650 0 |a Dairy plants  |z United States  |x Equipment and supplies  |v Periodicals. 
650 0 |a Dairying  |x Economic aspects  |z United States  |v Periodicals. 
650 3 |a Dairy products  |z United States  |v Periodicals. 
650 3 |a Dairy products industry  |z United States  |v Periodicals. 
650 3 |a Dairy plants  |x Equipment and supplies  |v Periodicals. 
655 0 |a Web sites. 
710 2 |a Bell & Howell Information and Learning. 
776 1 |t Dairy foods  |x 0888-0050  |w (DLC) 86658510  |w (OCoLC)13336024 
780 0 0 |t Dairy record  |x 0011-5673  |w (DLC) 83646113  |w (OCoLC)1565819 
948 |a cataloged  |b h  |c 2006/2/28  |d c  |e pbump 
994 |a C0  |b TXA 
999 |a MARS 
999 f f |s 11f19d39-17ad-371c-97d2-3e30d4be92db  |i 435f7d87-88b7-3f45-ba94-180b5aa8778c  |t 0 
952 f f |a Texas A&M University  |b College Station  |c Electronic Resources  |d Available Online  |t 0  |e SF221 .D4  |g Electronic  |h Library of Congress classification 
998 f f |a SF221 .D4  |t 0  |l Available Online